[Event "Madrid-ch Seniors 50"]
[Site "Madrid"]
[Date "2018.01.18"]
[Round "9"]
[White "Cupeiro Fernandez, Manuel"]
[Black "Perez Gonzalez, Jesus Miguel"]
[Result "0-1"]
[WhiteElo "1552"]
[BlackElo "1626"]
[PlyCount "52"]
[EventDate "2018.01.08"]
[EventType "swiss"]
[EventRounds "9"]
[EventCountry "ESP"]
[SourceTitle "CBM 182 Extra"]
[Source "ChessBase"]
[SourceDate "2018.02.23"]
[SourceVersion "1"]
[SourceVersionDate "2018.02.23"]
[SourceQuality "1"]

1. e4 d6 2. Nf3 e5 3. Bc4 Be7 4. h3 Nf6 5. d3 0-0 6. Be3 a6 7. a3 c5 8. Nc3 b5 9. Bd5 Nxd5 10. Nxd5 Nd7 11. 0-0 Nf6 12. Nxe7+ Qxe7 13. Bg5 h6 14. Bh4 Qe6 15. Nh2 g5 16. Bg3 Kh7 17. Re1 Rg8 18. f3 Nh5 19. Nf1 Nf4 20. Bxf4 gxf4 21. Kh1 Qg6 22. Re2 Bxh3 23. Qd2 Be6 24. Nh2 Qh5 25. Rg1 Rg5 26. Qe1 Qxh2+ 0-1

[Event "Madrid-ch Seniors 50"]
[Site "Madrid"]
[Date "2018.01.08"]
[Round "1"]
[White "Perez Gonzalez, Jesus Miguel"]
[Black "Garcia Galeote, Lorenzo"]
[Result "0-1"]
[WhiteElo "1626"]
[BlackElo "1971"]
[PlyCount "62"]
[EventDate "2018.01.08"]
[EventType "swiss"]
[EventRounds "9"]
[EventCountry "ESP"]
[SourceTitle "CBM 182 Extra"]
[Source "ChessBase"]
[SourceDate "2018.02.23"]
[SourceVersion "1"]
[SourceVersionDate "2018.02.23"]
[SourceQuality "1"]

1. c4 g6 2. Nf3 Bg7 3. d4 d6 4. Nc3 Nf6 5. e4 0-0 6. Be2 a5 7. 0-0 Nbd7 8. Re1 e5 9. d5 Nc5 10. Bf1 h6 11. Qc2 Nh5 12. Be3 b6 13. g3 f5 14. Bxc5 bxc5 15. Nh4 Qf6 16. exf5 gxf5 17. Be2 Nf4 18. Bf1 Ng6 19. Nxg6 Qxg6 20. h4 Qf6 21. Bh3 Rb8 22. Re2 e4 23. Nb5 Rf7 24. Rae1 Qg6 25. Kh1 Be5 26. a4 Rg7 27. Rg1 Bd7 28. Rg2 c6 29. dxc6 Bxc6 30. Re3 Qf6 31. Qd2 f4 0-1

[Event "Collado Villalba op-A 34th"]
[Site "Collado Villalba"]
[Date "2017.08.24"]
[Round "3"]
[White "Perez Gonzalez, Jesus Miguel"]
[Black "Rojas Pozo, Jose Luis"]
[Result "0-1"]
[WhiteElo "1599"]
[BlackElo "1957"]
[PlyCount "50"]
[EventDate "2017.08.22"]
[EventType "swiss"]
[EventRounds "9"]
[EventCountry "ESP"]
[SourceTitle "CBM 180 Extra"]
[Source "ChessBase"]
[SourceDate "2017.10.06"]
[SourceVersion "1"]
[SourceVersionDate "2017.10.06"]
[SourceQuality "1"]

1. c4 c6 2. Nc3 d5 3. cxd5 cxd5 4. d4 Nc6 5. Nf3 Nf6 6. g3 e6 7. Bg2 Bd6 8. 0-0 a6 9. Re1 0-0 10. e4 Bb4 11. e5 Ne4 12. Bd2 Nxd2 13. Qxd2 Na5 14. Bf1 Bd7 15. Rad1 Rc8 16. Bd3 Nc4 17. Bxc4 dxc4 18. Qe2 Bc6 19. Qe3 Bxc3 20. bxc3 Qd5 21. Kg2 f6 22. Kh3 Qxf3 23. Qxf3 Bxf3 24. Rb1 fxe5 25. Rxe5 Rf6 0-1

[Event "Madrid-ch Seniors 65"]
[Site "Madrid"]
[Date "2017.01.23"]
[Round "2"]
[White "Perez Carballeira, Francisco"]
[Black "Perez Gonzalez, Jesus Miguel"]
[Result "0-1"]
[WhiteElo "1448"]
[BlackElo "1634"]
[PlyCount "36"]
[EventDate "2017.01.20"]
[EventType "swiss"]
[EventRounds "7"]
[EventCountry "ESP"]
[SourceTitle "CBM 176 Extra"]
[Source "ChessBase"]
[SourceDate "2017.03.02"]
[SourceVersion "1"]
[SourceVersionDate "2017.03.02"]
[SourceQuality "1"]

1. d4 e6 2. c4 d5 3. Nc3 Nf6 4. cxd5 exd5 5. Bg5 Be7 6. e3 Bf5 7. Bb5+ c6 8. Ba4 0-0 9. Nge2 Re8 10. 0-0 Nbd7 11. Bb3 h6 12. Bxf6 Nxf6 13. a3 Bd6 14. h3 Qd7 15. Re1 Bxh3 16. gxh3 Qxh3 17. Nf4 Bxf4 18. exf4 Ng4 0-1

[Event "San Sebastian de los Reyes op 17th"]
[Site "San Sebastian"]
[Date "2015.12.08"]
[Round "9"]
[White "Perez Gonzalez, Jesus Miguel"]
[Black "Asins Martin, Jose"]
[Result "1-0"]
[WhiteElo "1731"]
[BlackElo "1250"]
[PlyCount "115"]
[EventDate "2015.11.30"]
[EventType "swiss"]
[EventRounds "9"]
[EventCountry "ESP"]
[SourceTitle "CBM 170 Extra"]
[Source "ChessBase"]
[SourceDate "2016.02.25"]
[SourceVersion "1"]
[SourceVersionDate "2016.02.25"]
[SourceQuality "1"]

1. g3 g6 2. c4 Bg7 3. Nc3 d6 4. d4 a6 5. Nf3 Nd7 6. Bg2 e6 7. 0-0 Ne7 8. e4 0-0 9. Re1 c6 10. Rb1 b5 11. cxb5 axb5 12. a3 Qb6 13. Bg5 f6 14. Be3 d5 15. Qb3 f5 16. e5 Qc7 17. Qb4 Nb6 18. Qd6 Qd7 19. Bg5 Rf7 20. Qc5 Na4 21. Nxa4 Rxa4 22. b3 Ra6 23. Rec1 h6 24. Bd2 g5 25. Bb4 Bf8 26. Qc3 Ng6 27. Bxf8 Rxf8 28. b4 g4 29. Ne1 Qf7 30. Nd3 f4 31. Nc5 Rb6 32. Qd2 Kh7 33. Nd3 Rb7 34. Rxc6 Qf5 35. Rbc1 Bd7 36. Rc7 Rxc7 37. Rxc7 Rf7 38. gxf4 Be8 39. Rc5 Nxf4 40. Nxf4 Qxf4 41. Qxf4 Rxf4 42. Rc7+ Kg6 43. Rc8 Bd7 44. Rd8 Bc6 45. Rd6 Be8 46. Rxe6+ Kf5 47. Rxe8 Rxd4 48. e6 Kf6 49. Bf1 Rd1 50. Kg2 Ra1 51. Bxb5 Rxa3 52. Be2 d4 53. Rd8 Kxe6 54. Rxd4 h5 55. b5 Ra2 56. Bc4+ Ke5 57. Rd5+ Kf4 58. Bxa2 1-0

[Event "San Sebastian de los Reyes op 17th"]
[Site "San Sebastian"]
[Date "2015.12.07"]
[Round "8"]
[White "Karunanithi, Bharath"]
[Black "Perez Gonzalez, Jesus Miguel"]
[Result "0-1"]
[WhiteElo "1247"]
[BlackElo "1731"]
[PlyCount "88"]
[EventDate "2015.11.30"]
[EventType "swiss"]
[EventRounds "9"]
[EventCountry "ESP"]
[SourceTitle "CBM 170 Extra"]
[Source "ChessBase"]
[SourceDate "2016.02.25"]
[SourceVersion "1"]
[SourceVersionDate "2016.02.25"]
[SourceQuality "1"]

1. e4 e5 2. Nf3 Nc6 3. Bc4 Be7 4. 0-0 Nf6 5. Nc3 0-0 6. d3 d6 7. h3 h6 8. Qe2 a6 9. Be3 Re8 10. Rad1 Na5 11. d4 exd4 12. Rxd4 c5 13. Rd2 b5 14. Bd5 Rb8 15. e5 Nxd5 16. Nxd5 Nc4 17. Nxe7+ Qxe7 18. exd6 Qe6 19. Rdd1 Nxb2 20. Rd2 Bd7 21. Re1 Nc4 22. Rd3 Rbd8 23. c3 Nxd6 24. Qd1 Ne4 25. Bxc5 Qc6 26. Bb4 Qc7 27. Rd4 f5 28. Qd3 Be6 29. Rxd8 Rxd8 30. Nd4 Bc4 31. Qc2 a5 32. Ba3 b4 33. Bb2 Bxa2 34. cxb4 Qxc2 35. Nxc2 Rd2 36. Rc1 axb4 37. Be5 b3 38. f3 bxc2 39. Kh2 Ng5 40. Bf4 Re2 41. Ra1 Bb1 42. Ra8+ Kh7 43. Ra7 Nxf3+ 44. Kg3 Ne1 0-1

[Event "Madrid-ch Seniors 20th"]
[Site "Madrid"]
[Date "2015.01.12"]
[Round "5"]
[White "Perez Gonzalez, Jesus Miguel"]
[Black "Arias de Reina Martinez, Francisco"]
[Result "1-0"]
[WhiteElo "1734"]
[BlackElo "1591"]
[PlyCount "45"]
[EventDate "2015.01.07"]
[EventType "swiss"]
[EventRounds "9"]
[EventCountry "ESP"]
[SourceTitle "CBM 164 Extra"]
[Source "ChessBase"]
[SourceDate "2015.03.02"]
[SourceVersion "1"]
[SourceVersionDate "2015.03.02"]
[SourceQuality "1"]

1. g3 Nf6 2. Bg2 d5 3. Nf3 c5 4. c4 e6 5. cxd5 exd5 6. 0-0 Be7 7. d4 Nc6 8. Nc3 0-0 9. dxc5 Bxc5 10. Bg5 Be7 11. e3 Be6 12. Nd4 Qb6 13. Nxe6 fxe6 14. Na4 Qd8 15. Re1 Nd7 16. Bxe7 Qxe7 17. Nc3 Nf6 18. Bh3 Rad8 19. Ne2 Ne4 20. Nf4 Ng5 21. Bg2 Ne4 22. h4 Nd6 23. Nxe6 1-0

[Event "San Sebastian de los Reyes op 15th"]
[Site "San Sebastian"]
[Date "2013.12.08"]
[Round "9"]
[White "Perez Gonzalez, Jesus Miguel"]
[Black "Martinez de Navascues, Francisco"]
[Result "1-0"]
[WhiteElo "1810"]
[BlackElo "1656"]
[PlyCount "89"]
[EventDate "2013.11.30"]
[EventType "swiss"]
[EventRounds "9"]
[EventCountry "ESP"]
[SourceTitle "CBM 157 Extra"]
[Source "ChessBase"]
[SourceDate "2013.12.19"]
[SourceVersion "1"]
[SourceVersionDate "2013.12.19"]
[SourceQuality "1"]

1. g3 c5 2. Bg2 d5 3. Nf3 Nc6 4. 0-0 Nf6 5. d3 e6 6. Nbd2 Bd6 7. e4 Bc7 8. Re1 0-0 9. Nh4 Re8 10. f4 dxe4 11. dxe4 e5 12. f5 Qd4+ 13. Kh1 Rd8 14. Nhf3 Qd7 15. c3 b5 16. Bf1 Rb8 17. Qc2 c4 18. b3 cxb3 19. Nxb3 Na5 20. Be3 Nxb3 21. axb3 a6 22. Red1 Qe8 23. c4 Bb7 24. Nd2 Rxd2 25. Qxd2 Nxe4 26. Qc2 Nf2+ 27. Kg1 Nxd1 28. Rxd1 Qc6 29. Bg2 Qxg2+ 30. Qxg2 Bxg2 31. Kxg2 bxc4 32. bxc4 Kf8 33. Rd7 Bb6 34. c5 Ke8 35. Rd6 Bd8 36. Rxa6 Be7 37. Kf3 Rc8 38. c6 Bd6 39. Ke4 Bc7 40. g4 f6 41. g5 Ke7 42. Bc5+ Bd6 43. Ra7+ Kd8 44. Rd7+ Ke8 45. Rxd6 1-0

[Event "San Sebastian de los Reyes op 14th"]
[Site "San Sebastian"]
[Date "2012.12.06"]
[Round "6"]
[White "Martin Rodriguez, Jose Luis"]
[Black "Perez Gonzalez, Jesus Miguel"]
[Result "0-1"]
[WhiteElo "1443"]
[BlackElo "1809"]
[PlyCount "36"]
[EventDate "2012.12.01"]
[EventType "swiss"]
[EventRounds "9"]
[EventCountry "ESP"]
[SourceTitle "CBM 151 Extra"]
[Source "ChessBase"]
[SourceDate "2012.12.18"]
[SourceVersion "1"]
[SourceVersionDate "2012.12.18"]
[SourceQuality "1"]

1. e4 g6 2. d4 Bg7 3. Nc3 d6 4. f4 Nh6 5. Nf3 0-0 6. Be2 Nd7 7. 0-0 e5 8. d5 f5 9. fxe5 Nxe5 10. Nxe5 dxe5 11. h3 Nf7 12. Bd3 f4 13. Qe1 Bf6 14. Nd1 Bh4 15. Nf2 Ng5 16. Qe2 f3 17. Qe3 fxg2 18. Rd1 Bxf2+ 0-1